banner-ar

المراة والمدينة الكوزموبوليتانية : (Record no. 65987)

MARC details
000 -الفاتح
حقل البيانات ثابتة الطول 00927nam a22002297a 4500
005 - وقت وتاريخ اخر تعامل مع التسجيلة
رقم الضبط 20240530110853.0
008 - عناصر البيانات ثابتة الطول - معلومات عامة
حقل البيانات ثابتة الطول 201102s2019 ua a g b 000 0dara d
017 ## - رقم الايداع القانونى
رقم الايداع القانونى 2018/21364
المصدر ( الهيئة المختصة) مصر. دار الكتب
020 ## - الرقم الدولى المعيارى للكتب
الرقم الدولى المعيارى للكتاب 9789773194543
040 ## - مصدر الفهرسة
وكالة الفهرسة الأصلية EG-CaGPL
وكالة النسخ EG-CaGPL
082 04 - رقم تصنيف ديوى العشرى
رقم الطبعة 21
رقم التصنيف 305.48/
رقم المادة ق/ع م
100 0# - المدخل الرئيسى - إسم شخصى
الإسم الشخصى عبير ابراهيم قمره
245 12 - بيان العنوان
العنوان المراة والمدينة الكوزموبوليتانية :
بقية العنوان تاريخ الجندية فى المجتمع السكندرى /
بيان المسئوليه,etc عبير ابراهيم قمره
250 ## - بيان الطبعة
بيان الطبعة ط.1
260 ## - PUBLICATION, DISTRIBUTION, ETC. (IMPRINT)
تاريخ النشر أو التوزيع 2019
300 ## - الوصف المادى
التعداد 295 ص. ؛
أبعاد الوعاء 24 سم.
504 ## - تبصرة ببليوجرافية
تبصرة ببليوجرافية,الخ يشتمل على ارجاعات ببليوجرافية
650 07 - المدخل الاضافى بالموضوع-مصطلح موضوعى
مصدر الرأس أو المصطلح qrmak
مصطلح موضوعي المراة فى مصر
651 07 - المدخل الاضافى بالموضوع - اسم جغرافى
مصدر الرأس أو المصطلح qrmak
الاسم الجغرافي الاسكندرية
التقسيم الفرعي العام محافظة
942 ## - عناصر المدخل الإضافي( كوها)
مصدر التصنيف او مخطط الترفيف Dewey Decimal Classification
Koha [default] item type كتاب
260 ## - PUBLICATION, DISTRIBUTION, ETC. (IMPRINT)
-- القاهرة :
-- العربى للنشر و التوزيع،
Holdings
حالة التراجع حالة الفقد حالة تلف ليس للاعارة المكان المؤقت الموقع الحالى موقع الترفيف تاريخ الاكتساب اجمالي اﻻعارات رقم الطلب الباركود تاريخ اخر مشاهدة تاريخ تفعيل السعر نوع وعاء كوها
        مكتبة القاهرة الكبرى مكتبة القاهرة الكبرى   12/08/2020   305.48/ ق/ع م 167117 12/08/2020 12/08/2020 كتاب

Powered By

EGPV